Handbook of sports sociology/ (Record no. 31880)

MARC details
000 -LEADER
fixed length control field 00986nam a22002417a 4500
005 - DATE AND TIME OF LATEST TRANSACTION
control field 2009111306196.0
008 - FIXED-LENGTH DATA ELEMENTS--GENERAL INFORMATION
fixed length control field 091113t xxu||||| |||| 00| 0 eng d
010 ## - LCCN (DPL NO)
LC control number ENG-95477
020 ## - INTERNATIONAL STANDARD BOOK NUMBER
International Standard Book Number 8175245573
Terms of availability 600.00
035 ## - SYSTEM CONTROL NUMBER
System control number EN-79010
037 ## - SOURCE OF ACQUISITION
Source of stock number/acquisition DBAD/PUB
040 ## - CATALOGING SOURCE
Original cataloging agency DPL
082 ## - DEWEY DECIMAL CLASSIFICATION NUMBER
Classification number 306.483
245 ## - TITLE STATEMENT
Title Handbook of sports sociology/
Statement of responsibility, etc edited by Vivek Solanki
260 ## - PUBLICATION, DISTRIBUTION, ETC. (IMPRINT)
Place of publication, distribution, etc New Delhi
Name of publisher, distributor, etc Khel Sahitya Kendra
Date of publication, distribution, etc 2009
270 ## - ADDRESS
Address 7/26, Ansari road, Darya Ganj
City New Delhi
Postal code 110002
300 ## - PHYSICAL DESCRIPTION
Extent 272p.;
Dimensions 22 cm.(Hb)
650 ## - SUBJECT ADDED ENTRY--TOPICAL TERM
Topical term or geographic name as entry element Sports
General subdivision Sociological aspects
700 ## - ADDED ENTRY--PERSONAL NAME
Personal name Solanki, Vivek
942 ## - ADDED ENTRY ELEMENTS (KOHA)
Source of classification or shelving scheme Dewey Decimal Classification
Item type English Books
Call number suffix SOL
Classification part 306.483
Holdings
Withdrawn status Lost status Source of classification or shelving scheme Materials specified (bound volume or other part) Damaged status Not for loan Collection code Home library Current library Date acquired Source of acquisition Cost, normal purchase price Total Checkouts Full call number Barcode Date last seen Copy number Cost, replacement price Koha item type
    Dewey Decimal Classification Hb   Not For Loan Non-fiction D.B.Act.Division D.B.Act.Division 18/11/2009 DBAD / PUB 600.00   306.483-SOL EN-79010 18/11/2009 1 600.00 English Books

© Delhi Public Library
Hit Counter
free hit counter